| 000 | 00581nam a2200265Ia 4500 | ||
|---|---|---|---|
| 008 | 210210b2010 xxu||||| |||| 00| 0 eng d | ||
| 041 | _aeng | ||
| 082 | _a954.035 RAIC | ||
| 100 | _aRAI (Suresh) | ||
| 245 | _aColonial India: 1856-1885 for BA V sem Ed 2 | ||
| 250 | _a | ||
| 260 |
_aMangalore _bUnited Publishers _c2010 |
||
| 300 | _aiv,200 | ||
| 650 | _aV | ||
| 650 | _asem | ||
| 650 | _aIndia: | ||
| 650 | _afor | ||
| 650 | _aEd | ||
| 650 | _aColonial | ||
| 650 | _aBA | ||
| 650 | _a2 | ||
| 650 | _a1856-1885 | ||
| 690 | _aIndian History | ||
| 906 | _a064884 | ||
| 999 |
_c141604 _d141604 |
||